Điều kiện tối ưu vectơ với nón thứ tự có phần trong bằng rỗng : Luận văn tốt nghiệp Cao học. Chuyên ngành Toán giải tích

Đề tài giới thiệu các kiến thức cơ bản và điều kiện tối ưu vectơ với nón thứ tự có phần trong bằng rỗng

Wedi'i Gadw mewn:
Manylion Llyfryddiaeth
Prif Awdur: Nguyễn, Châu Ngọc Trang
Fformat: Llyfr
Iaith:Undetermined
Cyhoeddwyd: Cần Thơ Trường Đại học Cần Thơ 2016
Pynciau:
Tagiau: Ychwanegu Tag
Dim Tagiau, Byddwch y cyntaf i dagio'r cofnod hwn!
Thư viện lưu trữ: Trung tâm Học liệu Trường Đại học Cần Thơ
LEADER 00992nam a2200205Ia 4500
001 CTU_214272
008 210402s9999 xx 000 0 und d
082 |a 515 
082 |b Tr106 
100 |a Nguyễn, Châu Ngọc Trang 
245 0 |a Điều kiện tối ưu vectơ với nón thứ tự có phần trong bằng rỗng : 
245 0 |b Luận văn tốt nghiệp Cao học. Chuyên ngành Toán giải tích 
245 0 |c Nguyễn Châu Ngọc Trang ; Phan Quốc Khánh (Cán bộ hướng dẫn) 
260 |a Cần Thơ 
260 |b Trường Đại học Cần Thơ 
260 |c 2016 
520 |a Đề tài giới thiệu các kiến thức cơ bản và điều kiện tối ưu vectơ với nón thứ tự có phần trong bằng rỗng 
650 |a Toán giải tích,Mathematical analysis 
904 |i Nguyên 
980 |a Trung tâm Học liệu Trường Đại học Cần Thơ